Oral radiology principles and interpretation

Uloženo v:
Podrobná bibliografie
Hlavní autor: WHITE, Stuart C.
Médium: Kniha
Jazyk:angličtina
Vydáno: Elsevier 2014
Tagy: Přidat tag
Žádné tagy, Buďte první, kdo vytvoří štítek k tomuto záznamu!

MARC

LEADER 00000nam a22000007a 4500
008 201215b ||||| |||| 00| 0 eng d
020 |a 978-0-323-09633-1 
100 |a  WHITE, Stuart C. 
245 |a Oral radiology  |b principles and interpretation  |c Stuart C. White, Michael J. Pharoah  |g xv, 679p.; ill. 
250 |b 7th ed. 
260 |b Elsevier  |c 2014  |h St Louis, Missouri  |i 685071   |l RK309 .W58  |m Teeth – Radiology.  |m Jaws – Radiology  |m Mouth – Radiology 
500 |a It includes bibliographical references and index 
942 |a lcc  |c BK  |e ADEYEYE Y. S.  |f 15/12/2020 
952 |0 0  |1 0  |2 lcc  |4 0  |6 IT INCLUDES BIBLIOGRAPHICAL REFERENCES AND INDEX  |7 0  |9 502  |a HOL  |b HOL  |c QZ  |d 2020-12-15  |l 0  |o It includes bibliographical references and index  |p 2020-2230  |r 2020-12-15 00:00:00  |w 2020-12-15  |y BK 
999 |c 263  |d 263